000 00785nam a22001937a 4500
005 20250108151300.0
010 _aHIN-129162
020 _a9789382695240
_c300.00
035 _aHN-101508
037 _bDBAD
082 _a
100 _aजौहरी, मंजुला
_976109
245 _aवंश-वल्लरि /
_cमंजुला जौहरी
250 _aप्रथम
260 _aदिल्ली
_bविकल्प प्रकाशन
_c2017
270 _a2226/6बी,प्रथम तल, गली नं 33,पहला पुस्ता सोनिया विहार
_bदिल्ली
_e110090
_k9211559886
300 _a143 पृ.
_c22 सेमी (सजिल्द)
942 _2ddc
_cHN
_h
_mजौहरी
999 _c208099
_d208099